Представление документа в формате RUSMARC

ПолеНазваниеЗначение
  Тип записи a
  Библиографический уровень m
001 Контрольный номер RU/CBS_UL/BASE/c74a9db787104f03a0767b8d81288c0c
005 Дата корректировки 20250124110916.2
010 Индекс ISBN __
a ISBN 5-280-00381-6
b Уточнения в пер.
d Цена 2 р. 30 к.
9 Тираж 100 000 экз.
100 Данные общей обработки __
a Данные общей обработки 20250124d 0rusy0189## ca
101 Язык документа 0_
a Язык текста rus
102 Страна публикации __
a Страна публикации RU
200 Заглавие и сведения об ответственности 1_
a Заглавие Петух провел в бухте
e Сведения, относящиеся к заглавию роман, рассказы
e Сведения, относящиеся к заглавию пер. с португ.
g Последующие сведения об ответственности сост. Е. А. Ряузовой
g Последующие сведения об ответственности вступ. ст. М. Л. Вольпе
210 Выходные данные 1_
a Место издания Москва
c Издательство Художественная литература
d Дата издания 1988
215 Физическое описание __
a Объем 351 с.
d Формат 22 см.
225 Серия 2_
a Серия Произведения писателей Африки. Кабо-Верде
300 Общие примечания __
a Общие примечания 16+
300 Общие примечания __
a Общие примечания Под инв. номером 27357: 7-1, 10-1, 18-1
606 Тематические рубрики 0_
a Основная рубрика Африканская литература - Проза
610 Ключевые слова 0_
a Ключевые слова писатели Африки
610 Ключевые слова 0_
a Ключевые слова романы зарубежные
610 Ключевые слова 0_
a Ключевые слова рассказы
686 Индексы других классификаций __
2 Код системы rubbk
a Классификационный индекс 84(6Афр)
801 Источник записи _0
a Страна RU
b Организация МБУК ЦБС г. Ульяновска
c Дата составления 20250124
g Правила каталогизации RCR
801 Источник записи _1
a Страна RU
b Организация МБУК ЦБС г. Ульяновска
c Дата составления 20250124
g Правила каталогизации RCR
852 Данные о местонахождении __
i Авторский знак П 31
j Шифр хранения И(Афр)
901 Тип документа __
t Тип документа m
909 Создатель записи __
a Создатель записи obr3
b Дата создания записи 20250124